Zmeny súm životného minima 0patrenie č. 252/2005 Z.z. o ustanovení súm ...

Podrobná bibliografia
Ďalší autori: Boškajová, Iveta (Autor komentára k textu)
Médium: Článok
Jazyk:slovenčina
Fyzický popis:Tab.
ISSN:1335-1508
Predmet:

MARC

LEADER 00000nab a2200000 a 4500
001 vtls008303769
003 SK-MaSNL
005 20260426083947.0
008 250505c2005 xo zr|p|||||||000 b|slo
015 |a SNBRB2005/10  |2 snkbucl 
035 |a urn:nbn:sk:snk-ab8cii 
035 |a (urnnbn)urn:nbn:sk:snk:ar-a0817r 
035 |a (uuid)d174d333-d759-4c6d-931f-9a12947e041b 
038 |a SNKBUCL 
040 |a SNKBUCL  |b slo  |c SNKBUCL  |e AACR2 
041 0 |a slo 
044 |a xo  |c SK 
080 |a 331.215.5  |x (437.6)  |2 1997 
100 1 |a Boškajová, Iveta  |4 cwt  |9 413548 
245 1 0 |a Zmeny súm životného minima  |b 0patrenie č. 252/2005 Z.z. o ustanovení súm ...  |c komentár Iveta Boškajová 
300 |b Tab. 
650 0 7 |a životné minimum  |2 snkbucl  |9 29173 
651 7 |a Slovensko  |2 snkbucl  |9 14231 
655 7 |a od 1.7.2005  |2 snkbucl  |9 1457413 
773 0 |t Personálny a mzdový poradca podnikateľa  |g Č. 13-14 (2005), s. 40-43  |x 1335-1508 
850 |a Slovenská národná knižnica 
852 |a Slovenská národná knižnica 
954 |a odborná, vedecká literatúra pôvodná (slovenská)  |2 lita 
958 |a article9 
958 |a OND 
958 |a EUIPO 
999 |c 2917549  |d 2919479